[Event "1ère Maîtrise de la Loire"]
[Site "Sautron"]
[Date "2012.10.27"]
[Round "1.1"]
[White "Shishkin, Vadim"]
[Black "Laurent, Julien G"]
[Result "1/2-1/2"]
[WhiteElo "2496"]
[BlackElo "2332"]
[PlyCount "157"]
[EventDate "2012.??.??"]
[EventType "tourn"]
[EventRounds "9"]
[EventCountry "FRA"]

1. d4 Nf6 2. c4 e6 3. Nc3 c5 4. d5 exd5 5. cxd5 d6 6. Nf3 g6 7. Bf4 a6 8. a4
Bg7 9. h3 O-O 10. e3 Re8 11. Bd3 Nbd7 12. O-O Ne5 13. Nxe5 dxe5 14. Bg5 h6 15.
Bh4 g5 16. Bg3 e4 17. Bc2 Bf5 18. d6 b6 19. f3 Bg6 20. fxe4 Nh5 21. Bh2 Be5 22.
Bxe5 Rxe5 23. Nd5 Qxd6 24. Nf6+ Qxf6 25. Rxf6 Nxf6 26. Qd6 Re6 27. Qc7 Nxe4 28.
Qb7 Rae8 29. Qxa6 Kg7 30. Qc4 h5 31. Rd1 h4 32. Qb3 Rf6 33. Bxe4 Bxe4 34. Qc3
Kg6 35. b4 cxb4 36. Qxb4 Bc2 37. Rd6 Rxd6 38. Qxd6+ Re6 39. Qd4 Be4 40. Qd8 Bc6
41. Qd4 Be4 42. Kh2 Bf5 43. g3 hxg3+ 44. Kxg3 f6 45. Kg2 Be4+ 46. Kf2 Bf5 47.
Qd8 Kg7 48. Qd7+ Kg6 49. Qc8 Re7 50. Qg8+ Rg7 51. Qe8+ Rf7 52. Kg3 Bd7 53. Qe4+
Kg7 54. h4 gxh4+ 55. Kxh4 Kf8 56. Qb4+ Kg7 57. Kg3 Be8 58. Qe4 Kf8 59. Qa8 Re7
60. Kf4 Kf7 61. Qa6 Bd7 62. Qd3 Kg7 63. Qc4 Be8 64. Qa6 Kf7 65. Qa8 Bd7 66. Qg2
Re6 67. Qa2 Ke7 68. Qb3 Kd8 69. Qb4 Kc7 70. Qc4+ Kd8 71. Qa6 Rc6 72. a5 bxa5
73. Qxa5+ Ke7 74. Qb4+ Ke8 75. Qe4+ Kf7 76. Qh7+ Ke6 77. Qg7 Rc5 78. e4 Rg5 79.
Qxg5 1/2-1/2

[Event "1ère Maîtrise de la Loire"]
[Site "Sautron"]
[Date "2012.10.27"]
[Round "1.2"]
[White "Bouget, Alexandre"]
[Black "Dumitrache, Dragos-Nicolae"]
[Result "1/2-1/2"]
[WhiteElo "2213"]
[BlackElo "2452"]
[PlyCount "63"]
[EventDate "2012.??.??"]
[EventType "tourn"]
[EventRounds "9"]
[EventCountry "FRA"]

1. d4 Nf6 2. c4 e6 3. Nc3 Bb4 4. e3 b6 5. Nge2 Ba6 6. a3 Bxc3+ 7. Nxc3 d5 8. b4
Bxc4 9. Bxc4 dxc4 10. Qe2 a5 11. b5 Nd5 12. Qxc4 Nxc3 13. Qxc3 Qd5 14. O-O Qxb5
15. Qxc7 O-O 16. a4 Na6 17. Qxf7+ Rxf7 18. axb5 Nc7 19. Rb1 Rf5 20. e4 Rxb5 21.
Bf4 Ra7 22. f3 Rxb1 23. Rxb1 Na8 24. Kf2 Kf7 25. Ke3 Ke7 26. Kd3 Kd7 27. Kc4
Kc6 28. d5+ exd5+ 29. exd5+ Kd7 30. Be5 g6 31. f4 a4 32. Ra1 1/2-1/2

[Event "1ère Maîtrise de la Loire"]
[Site "Sautron"]
[Date "2012.10.27"]
[Round "1.3"]
[White "Barbot, Pierre"]
[Black "Duboue, Peio"]
[Result "0-1"]
[WhiteElo "2317"]
[BlackElo "2294"]
[PlyCount "58"]
[EventDate "2012.??.??"]
[EventType "tourn"]
[EventRounds "9"]
[EventCountry "FRA"]

1. d4 d5 2. c4 e6 3. Nc3 Be7 4. Nf3 Nf6 5. Bg5 Nbd7 6. e3 O-O 7. Rc1 Re8 8. Bd3
dxc4 9. Bxc4 c5 10. O-O cxd4 11. exd4 Nb6 12. Bb3 Nbd5 13. Ne5 Nxc3 14. bxc3
Nd7 15. Nxf7 Kxf7 16. Bxe6+ Kxe6 17. Qb3+ Kf5 18. Qf7+ Bf6 19. h3 Kxg5 20. f4+
Kh6 21. g4 g6 22. h4 Qe7 23. g5+ Kh5 24. Qd5 Qe3+ 25. Kh2 Qe2+ 26. Kg1 Qg4+ 27.
Kh1 Qh3+ 28. Kg1 Nb6 29. Qb5 Bd7 0-1

[Event "1ère Maîtrise de la Loire"]
[Site "Sautron"]
[Date "2012.10.27"]
[Round "1.4"]
[White "Crouan, Stephane"]
[Black "Ivanov, Jordan"]
[Result "1/2-1/2"]
[WhiteElo "2203"]
[BlackElo "2374"]
[PlyCount "69"]
[EventDate "2012.??.??"]
[EventType "tourn"]
[EventRounds "9"]
[EventCountry "FRA"]

1. d4 Nf6 2. Nf3 d6 3. g3 g6 4. Bg2 Bg7 5. O-O O-O 6. c4 c6 7. Nc3 Qa5 8. e4
Bg4 9. h3 Bxf3 10. Bxf3 e5 11. d5 cxd5 12. cxd5 b5 13. a3 Nbd7 14. Be3 Rfc8 15.
b4 Qd8 16. Nxb5 Nb6 17. a4 a6 18. Na3 Rab8 19. a5 Nc4 20. Nxc4 Rxc4 21. Bb6 Qd7
22. Qd3 Rbc8 23. Kg2 Nxe4 24. Bxe4 f5 25. Rfe1 Qb5 26. Rab1 fxe4 27. Rxe4 Rxe4
28. Qxe4 Rc4 29. Qf3 e4 30. Qg4 Be5 31. Qe6+ Kf8 32. Be3 Kg7 33. Qe7+ Kg8 34.
Qe6+ Kh8 35. Bg5 1/2-1/2

[Event "1ère Maîtrise de la Loire"]
[Site "Sautron"]
[Date "2012.10.27"]
[Round "1.5"]
[White "Peric, Slavisa"]
[Black "Ivanov, Mikhail M"]
[Result "1/2-1/2"]
[WhiteElo "2247"]
[BlackElo "2362"]
[PlyCount "80"]
[EventDate "2012.??.??"]
[EventType "tourn"]
[EventRounds "9"]
[EventCountry "FRA"]

1. d4 d5 2. Bf4 c5 3. e3 Nc6 4. c3 Qb6 5. b3 Nf6 6. Bd3 cxd4 7. exd4 Bg4 8. Ne2
e6 9. O-O Be7 10. Nd2 Rc8 11. b4 O-O 12. a4 a5 13. b5 Nb8 14. f3 Bh5 15. c4
dxc4 16. Nxc4 Qd8 17. Qb3 Bg6 18. Bxg6 hxg6 19. Bd2 b6 20. Rac1 Nbd7 21. Ne3
Bd6 22. Rc6 Nb8 23. Rxc8 Qxc8 24. Rc1 Qb7 25. Qc4 Rd8 26. Rc2 Nbd7 27. Be1 Qb8
28. Bg3 Bxg3 29. hxg3 Qd6 30. Qc7 Qe7 31. Nf4 Re8 32. Nd3 Qa3 33. Qc4 Nd5 34.
Nxd5 exd5 35. Qxd5 Qxd3 36. Qxd7 Re1+ 37. Kh2 Qxc2 38. Qd8+ Kh7 39. Qh4+ Kg8
40. Qd8+ Kh7 1/2-1/2

[Event "1ère Maîtrise de la Loire"]
[Site "Sautron"]
[Date "2012.10.28"]
[Round "2.1"]
[White "Laurent, Julien G"]
[Black "Ivanov, Mikhail M"]
[Result "1/2-1/2"]
[WhiteElo "2332"]
[BlackElo "2362"]
[PlyCount "39"]
[EventDate "2012.??.??"]
[EventType "tourn"]
[EventRounds "9"]
[EventCountry "FRA"]

1. c4 e6 2. Nf3 d5 3. g3 dxc4 4. Bg2 Nd7 5. Qa4 a6 6. Qxc4 c5 7. O-O b5 8. Qc2
Bb7 9. a4 Ngf6 10. d3 Be7 11. Nc3 Qb6 12. axb5 axb5 13. Rxa8+ Bxa8 14. Qb3 Nd5
15. Bd2 O-O 16. Ra1 Nxc3 17. Bxc3 Bd5 18. Qc2 Qb7 19. e4 Bc6 20. Ne5 1/2-1/2

[Event "1ère Maîtrise de la Loire"]
[Site "Sautron"]
[Date "2012.10.28"]
[Round "2.2"]
[White "Ivanov, Jordan"]
[Black "Peric, Slavisa"]
[Result "1-0"]
[WhiteElo "2374"]
[BlackElo "2247"]
[PlyCount "77"]
[EventDate "2012.??.??"]
[EventType "tourn"]
[EventRounds "9"]
[EventCountry "FRA"]

1. d4 d5 2. c4 dxc4 3. Nf3 e6 4. e3 Nf6 5. Bxc4 c5 6. O-O a6 7. e4 cxd4 8. e5
Nfd7 9. Bg5 Be7 10. Bxe7 Qxe7 11. Qxd4 Nc6 12. Qe4 Qc5 13. Re1 b5 14. Bd3 Bb7
15. Nbd2 Qe7 16. Qg4 g6 17. h4 Nc5 18. Bc2 Rd8 19. Re3 Qc7 20. Qf4 f5 21. b4
Nd7 22. Bb3 Nf8 23. Rd1 h6 24. Rc3 Qh7 25. Nf1 Rxd1 26. Bxd1 Qd7 27. Bb3 Rh7
28. a3 Ne7 29. Ne3 Nd5 30. Nxd5 Bxd5 31. Rd3 Qb7 32. Bxd5 exd5 33. Qd2 Rd7 34.
Qxh6 Qc6 35. e6 Rd6 36. e7 Kxe7 37. Ne5 Qe8 38. Qg7+ Ke6 39. Nxg6 1-0

[Event "1ère Maîtrise de la Loire"]
[Site "Sautron"]
[Date "2012.10.28"]
[Round "2.3"]
[White "Duboue, Peio"]
[Black "Crouan, Stephane"]
[Result "1-0"]
[WhiteElo "2294"]
[BlackElo "2203"]
[PlyCount "87"]
[EventDate "2012.??.??"]
[EventType "tourn"]
[EventRounds "9"]
[EventCountry "FRA"]

1. e4 c5 2. Nf3 d6 3. d4 cxd4 4. Nxd4 Nf6 5. Nc3 a6 6. f3 Qb6 7. Nb3 Nc6 8. Qe2
e6 9. Be3 Qc7 10. O-O-O b5 11. Qf2 Rb8 12. g4 Be7 13. g5 Nd7 14. f4 Nb6 15. h4
Nc4 16. Bxc4 bxc4 17. Nd2 Na5 18. Ba7 Rb7 19. Bd4 Rg8 20. f5 Qb8 21. Ne2 e5 22.
Bc3 Rb5 23. Ng3 g6 24. Qe2 Qc7 25. Kb1 Bb7 26. Bxa5 Qxa5 27. Nxc4 Qb4 28. c3
Qxc3 29. Nxd6+ Bxd6 30. Qxb5+ axb5 31. bxc3 Ke7 32. fxg6 fxg6 33. h5 Ke6 34.
hxg6 hxg6 35. Rh7 Be7 36. Rf1 Ba8 37. Rff7 Bxg5 38. Ra7 Kd6 39. Rag7 Rxg7 40.
Rxg7 Bf4 41. Rxg6+ Kc5 42. Kb2 b4 43. cxb4+ Kxb4 44. Ra6 1-0

[Event "1ère Maîtrise de la Loire"]
[Site "Sautron"]
[Date "2012.10.28"]
[Round "2.4"]
[White "Dumitrache, Dragos-Nicolae"]
[Black "Barbot, Pierre"]
[Result "1/2-1/2"]
[WhiteElo "2452"]
[BlackElo "2317"]
[PlyCount "38"]
[EventDate "2012.??.??"]
[EventType "tourn"]
[EventRounds "9"]
[EventCountry "FRA"]

1. d4 Nf6 2. c4 g6 3. Nc3 d5 4. Bg5 Ne4 5. Bf4 Nxc3 6. bxc3 dxc4 7. Qa4+ c6 8.
Qxc4 Bg7 9. Nf3 Qa5 10. e3 Be6 11. Qb4 Qxb4 12. cxb4 Nd7 13. Bd3 a5 14. b5 c5
15. O-O cxd4 16. Nxd4 Bxd4 17. exd4 Nb6 18. Be4 Bd5 19. Bc7 Bxe4 1/2-1/2

[Event "1ère Maîtrise de la Loire"]
[Site "Sautron"]
[Date "2012.10.28"]
[Round "2.5"]
[White "Shishkin, Vadim"]
[Black "Bouget, Alexandre"]
[Result "1-0"]
[WhiteElo "2496"]
[BlackElo "2213"]
[PlyCount "59"]
[EventDate "2012.??.??"]
[EventType "tourn"]
[EventRounds "9"]
[EventCountry "FRA"]

1. d4 Nf6 2. c4 e6 3. Nf3 Bb4+ 4. Nbd2 b6 5. e3 Bb7 6. Bd3 O-O 7. O-O d5 8. a3
Be7 9. b3 Nbd7 10. Bb2 a5 11. Qe2 Ra7 12. Rfd1 Qa8 13. Rac1 c5 14. cxd5 Nxd5
15. Bb5 N7f6 16. g3 cxd4 17. Nxd4 Bc5 18. Bd3 Nc7 19. b4 axb4 20. axb4 Bxd4 21.
Bxd4 Ncd5 22. Bb1 Re8 23. Nc4 Ba6 24. Qb2 Bxc4 25. Rxc4 e5 26. Bxe5 Nxe3 27.
fxe3 Qf3 28. Re1 Qd5 29. Rc7 Rxc7 30. Bxc7 1-0

[Event "1ère Maîtrise de la Loire"]
[Site "Sautron"]
[Date "2012.10.29"]
[Round "3.1"]
[White "Peric, Slavisa"]
[Black "Duboue, Peio"]
[Result "1-0"]
[WhiteElo "2247"]
[BlackElo "2294"]
[PlyCount "63"]
[EventDate "2012.??.??"]
[EventType "tourn"]
[EventRounds "9"]
[EventCountry "FRA"]

1. d4 Nf6 2. Nf3 e6 3. c4 d5 4. Nc3 Be7 5. Bg5 O-O 6. e3 Nbd7 7. Bd3 dxc4 8.
Bxc4 b6 9. Qe2 c5 10. Rd1 cxd4 11. Nxd4 Qc7 12. O-O Ne5 13. Bb3 Ng6 14. Rc1 Qe5
15. f4 Qb8 16. Nc6 Qb7 17. Nxe7+ Qxe7 18. h4 h6 19. h5 hxg5 20. hxg6 fxg6 21.
fxg5 Nh7 22. Rxf8+ Nxf8 23. Qg4 Bb7 24. Rd1 Rc8 25. Ne4 Bxe4 26. Qxe4 Rc5 27.
Qa8 Rxg5 28. Rd8 Rf5 29. Re8 Qh4 30. Bxe6+ Kh7 31. Bxf5 gxf5 32. Qf3 1-0

[Event "1ère Maîtrise de la Loire"]
[Site "Sautron"]
[Date "2012.10.29"]
[Round "3.2"]
[White "Barbot, Pierre"]
[Black "Shishkin, Vadim"]
[Result "0-1"]
[WhiteElo "2317"]
[BlackElo "2496"]
[PlyCount "136"]
[EventDate "2012.??.??"]
[EventType "tourn"]
[EventRounds "9"]
[EventCountry "FRA"]

1. d4 Nf6 2. Nf3 e6 3. Nbd2 d5 4. e3 c5 5. Be2 Nc6 6. O-O Bd6 7. b3 O-O 8. Bb2
b6 9. c4 Bb7 10. cxd5 exd5 11. Rc1 Rc8 12. Ne5 Qe7 13. Ndf3 Rfd8 14. Bb5 Ne4
15. Bxc6 Bxc6 16. Nxc6 Rxc6 17. dxc5 bxc5 18. b4 Qb7 19. bxc5 Bxh2+ 20. Nxh2
Qxb2 21. Qa4 Qb7 22. Nf3 Rxc5 23. Rxc5 Nxc5 24. Qa5 Ne6 25. Rd1 h6 26. Nd4 Rd7
27. Ne2 Rd6 28. Qa4 g6 29. Nc3 Rd8 30. Qa5 Qc7 31. Qxc7 Nxc7 32. Rd4 f5 33. Rb4
Ne6 34. Rb7 d4 35. exd4 Rxd4 36. Rxa7 Rd3 37. Ra3 Nd4 38. Kf1 g5 39. Ra8+ Kg7
40. Rd8 f4 41. f3 Rxc3 42. Rxd4 Ra3 43. Rd2 Kg6 44. Rb2 Kh5 45. Kf2 Kh4 46. Rc2
h5 47. Rb2 g4 48. fxg4 hxg4 49. Rc2 Rd3 50. Ke2 Re3+ 51. Kf2 Ra3 52. Rd2 Rc3
53. Rb2 g3+ 54. Kf1 Rc1+ 55. Ke2 Rg1 56. Kf3 Rf1+ 57. Ke4 f3 58. gxf3 Kh3 59.
Rb8 g2 60. Rh8+ Kg3 61. Rg8+ Kf2 62. f4 g1=Q 63. Rxg1 Rxg1 64. f5 Kg3 65. f6
Rf1 66. Ke5 Kg4 67. Ke6 Kg5 68. f7 Kg6 0-1

[Event "1ère Maîtrise de la Loire"]
[Site "Sautron"]
[Date "2012.10.29"]
[Round "3.3"]
[White "Ivanov, Mikhail M"]
[Black "Ivanov, Jordan"]
[Result "1-0"]
[WhiteElo "2362"]
[BlackElo "2374"]
[PlyCount "79"]
[EventDate "2012.??.??"]
[EventType "tourn"]
[EventRounds "9"]
[EventCountry "FRA"]

1. Nf3 Nf6 2. c4 g6 3. Nc3 Bg7 4. e4 d6 5. d4 O-O 6. Be2 e5 7. O-O exd4 8. Nxd4
Re8 9. f3 c6 10. Kh1 Nbd7 11. Nc2 Nb6 12. Bg5 h6 13. Bh4 Be6 14. Ne3 g5 15. Bg3
d5 16. cxd5 cxd5 17. Nb5 Re7 18. Nd6 Rd7 19. Nef5 Bxf5 20. Nxf5 dxe4 21. Qb3
Nh5 22. Be1 Nf4 23. Bb5 exf3 24. Rxf3 Rd5 25. Nxg7 Kxg7 26. g3 Ne6 27. Bc3+ Kg8
28. Raf1 Qe7 29. Rxf7 Qxf7 30. Rxf7 Kxf7 31. Bc4 Rad8 32. Bxd5 Rxd5 33. Qc2 Ke7
34. Qh7+ Kd6 35. Qxb7 g4 36. Qxa7 Rd1+ 37. Kg2 Nd5 38. Qa6+ Kd7 39. Qa4+ Kd6
40. Kf2 1-0

[Event "1ère Maîtrise de la Loire"]
[Site "Sautron"]
[Date "2012.10.29"]
[Round "3.4"]
[White "Crouan, Stephane"]
[Black "Dumitrache, Dragos-Nicolae"]
[Result "1/2-1/2"]
[WhiteElo "2203"]
[BlackElo "2452"]
[PlyCount "22"]
[EventDate "2012.??.??"]
[EventType "tourn"]
[EventRounds "9"]
[EventCountry "FRA"]

1. d4 d5 2. Nf3 Nf6 3. c4 c6 4. cxd5 cxd5 5. Nc3 Nc6 6. Bf4 a6 7. e3 Bg4 8. Be2
e6 9. O-O Be7 10. Rc1 O-O 11. a3 Rc8 1/2-1/2

[Event "1ère Maîtrise de la Loire"]
[Site "Sautron"]
[Date "2012.10.29"]
[Round "3.5"]
[White "Bouget, Alexandre"]
[Black "Laurent, Julien G"]
[Result "1/2-1/2"]
[WhiteElo "2213"]
[BlackElo "2332"]
[PlyCount "180"]
[EventDate "2012.??.??"]
[EventType "tourn"]
[EventRounds "9"]
[EventCountry "FRA"]

1. d4 d6 2. Nf3 g6 3. c4 Bg7 4. Nc3 Bg4 5. e3 Nc6 6. Be2 e5 7. O-O exd4 8. exd4
Nge7 9. Bg5 h6 10. Be3 O-O 11. h3 Bxf3 12. Bxf3 Nf5 13. Bxc6 bxc6 14. g4 Nxe3
15. fxe3 c5 16. dxc5 Qg5 17. Rf3 Qxc5 18. Qd5 Rab8 19. Qxc5 dxc5 20. Rf2 Rb4
21. Rd1 Rxc4 22. Nd5 Re4 23. Nxc7 Rxe3 24. Rd7 Rxh3 25. Kg2 Rh4 26. Kg3 Rh1 27.
Nd5 Bd4 28. Re2 Rg1+ 29. Kh3 a5 30. Ne7+ Kg7 31. Nc6 Bf6 32. Nxa5 Ra8 33. Nc4
Rf1 34. Nd6 Bg5 35. b3 Rd8 36. Rxd8 Bxd8 37. Nb7 Bc7 38. Nxc5 Rf3+ 39. Kg2 Rg3+
40. Kf1 Bb6 41. Rc2 Rxg4 42. Nd7 Bd8 43. Rc8 Be7 44. a4 Rb4 45. Rb8 Rf4+ 46.
Kg2 Bd6 47. Rb7 Bb4 48. Ne5 Bc3 49. Nc4 g5 50. a5 Bd4 51. a6 Rf2+ 52. Kh1 Ra2
53. Rd7 Bc5 54. Rc7 Bf2 55. Ne5 Bg3 56. Rxf7+ Kg8 57. Rb7 Rxa6 58. Nf3 Ra2 59.
Nd4 Rh2+ 60. Kg1 Rf2 61. Ne6 Rf6 62. Kg2 Bd6 63. Ng7 Bf8 64. Nh5 Re6 65. b4 Be7
66. b5 Kf7 67. Kf3 Kg6 68. Ng3 Bc5 69. Ne4 Bd4 70. Rd7 Be5 71. Nc5 Rb6 72. Rd5
Bf4 73. Nd7 Rb7 74. Nf8+ Kh5 75. Ne6 Bb8 76. Nd8 Rb6 77. Nc6 Kh4 78. Kg2 Bf4
79. Nd4 Kg4 80. Nf3 h5 81. Ne5+ Bxe5 82. Rxe5 h4 83. Rc5 h3+ 84. Kh2 Kh4 85.
Rc4+ g4 86. Rb4 Rf6 87. b6 Rf2+ 88. Kh1 Rf1+ 89. Kh2 Rf2+ 90. Kh1 Rf1+ 1/2-1/2

[Event "1ère Maîtrise de la Loire"]
[Site "Sautron"]
[Date "2012.10.29"]
[Round "4.1"]
[White "Laurent, Julien G"]
[Black "Ivanov, Jordan"]
[Result "1/2-1/2"]
[WhiteElo "2332"]
[BlackElo "2374"]
[PlyCount "125"]
[EventDate "2012.??.??"]
[EventType "tourn"]
[EventRounds "9"]
[EventCountry "FRA"]

1. Nf3 d6 2. d4 Nf6 3. Nc3 Bf5 4. g3 Ne4 5. Nxe4 Bxe4 6. Bg2 g6 7. Nh4 Bxg2 8.
Nxg2 d5 9. Be3 Bg7 10. Qd2 Nc6 11. Rd1 h5 12. h4 Qd7 13. Nf4 O-O-O 14. Nd3 Qf5
15. c3 Rhe8 16. Bh6 Bxh6 17. Qxh6 e5 18. dxe5 Nxe5 19. Nxe5 Rxe5 20. Qf4 Qe6
21. e3 f6 22. Qf3 c5 23. Rd2 Qa6 24. b3 d4 25. cxd4 cxd4 26. Qe2 dxe3 27. Rxd8+
Kxd8 28. fxe3 Qe6 29. Kf2 Qf5+ 30. Kg2 Qe4+ 31. Qf3 Qc2+ 32. Kh3 Rf5 33. Qd1+
Qxd1 34. Rxd1+ Ke7 35. Kg2 g5 36. hxg5 fxg5 37. e4 Rc5 38. Rd2 Ke6 39. Rf2 a5
40. Rf8 Rc2+ 41. Kf1 Rxa2 42. Rf5 h4 43. Rxg5 hxg3 44. Rxg3 Kf6 45. Ke1 b5 46.
Kd1 b4 47. Kc1 Re2 48. Rf3+ Ke5 49. Rf5+ Kd4 50. Kb1 Rxe4 51. Rxa5 Re5 52. Ra8
Re1+ 53. Kb2 Re2+ 54. Kb1 Kc3 55. Rc8+ Kxb3 56. Rc1 Rb2+ 57. Ka1 Rc2 58. Rf1
Ka3 59. Kb1 Re2 60. Rg1 b3 61. Rf1 Rb2+ 62. Ka1 Rc2 63. Kb1 1/2-1/2

[Event "1ère Maîtrise de la Loire"]
[Site "Sautron"]
[Date "2012.10.29"]
[Round "4.2"]
[White "Duboue, Peio"]
[Black "Ivanov, Mikhail M"]
[Result "0-1"]
[WhiteElo "2294"]
[BlackElo "2362"]
[PlyCount "52"]
[EventDate "2012.??.??"]
[EventType "tourn"]
[EventRounds "9"]
[EventCountry "FRA"]

1. e4 c5 2. Nf3 Nc6 3. d4 cxd4 4. Nxd4 g6 5. Nc3 Bg7 6. Be3 Nf6 7. Be2 O-O 8.
O-O d5 9. exd5 Nxd5 10. Nxd5 Qxd5 11. Bf3 Qc4 12. Nxc6 bxc6 13. c3 Rb8 14. Qd2
a5 15. b3 Qxc3 16. Rac1 Qb4 17. Bxc6 Ba6 18. Rfe1 Rfd8 19. Qxb4 axb4 20. h3 Bc3
21. Red1 Be2 22. Rxd8+ Rxd8 23. Kh2 e5 24. a4 bxa3 25. Rc2 Bd3 26. Ra2 Bb2 0-1

[Event "1ère Maîtrise de la Loire"]
[Site "Sautron"]
[Date "2012.10.29"]
[Round "4.3"]
[White "Dumitrache, Dragos-Nicolae"]
[Black "Peric, Slavisa"]
[Result "1-0"]
[WhiteElo "2452"]
[BlackElo "2247"]
[PlyCount "77"]
[EventDate "2012.??.??"]
[EventType "tourn"]
[EventRounds "9"]
[EventCountry "FRA"]

1. Nf3 d5 2. c4 c6 3. d4 Nf6 4. e3 Bf5 5. Nc3 e6 6. Nh4 Bg6 7. Qb3 Qb6 8. Nxg6
hxg6 9. Bd2 Nbd7 10. Be2 Qxb3 11. axb3 a6 12. h3 Rc8 13. O-O Be7 14. Rfd1 O-O
15. Be1 Rfd8 16. Rac1 Bd6 17. Bf3 Bb8 18. Na4 Ba7 19. Kf1 Ne4 20. Bxe4 dxe4 21.
b4 b5 22. Nc3 f5 23. Ra1 bxc4 24. Rxa6 Bb8 25. Na4 Bd6 26. Nc5 Nxc5 27. dxc5
Be5 28. Rxd8+ Rxd8 29. Bc3 Bxc3 30. bxc3 Rc8 31. Ra7 Kh7 32. Re7 Rd8 33. Rxe6
Rd3 34. Rxc6 Rxc3 35. Ke2 Rd3 36. Rd6 Rb3 37. c6 c3 38. c7 c2 39. c8=Q 1-0

[Event "1ère Maîtrise de la Loire"]
[Site "Sautron"]
[Date "2012.10.29"]
[Round "4.4"]
[White "Shishkin, Vadim"]
[Black "Crouan, Stephane"]
[Result "1-0"]
[WhiteElo "2496"]
[BlackElo "2203"]
[PlyCount "137"]
[EventDate "2012.??.??"]
[EventType "tourn"]
[EventRounds "9"]
[EventCountry "FRA"]

1. d4 Nf6 2. c4 g6 3. Nc3 Bg7 4. e4 d6 5. Nf3 O-O 6. Be2 e5 7. Be3 Ng4 8. Bg5
f6 9. Bh4 Nc6 10. d5 Ne7 11. O-O Nh6 12. Nd2 g5 13. Bg3 f5 14. exf5 Nhxf5 15.
Bh5 Nd4 16. Nde4 Nef5 17. Qd3 c5 18. Rab1 a6 19. b4 cxb4 20. Rxb4 b5 21. cxb5
axb5 22. f3 Ra3 23. Bf2 Bb7 24. Qd2 h6 25. Bg4 Qa8 26. Bxf5 Nxf5 27. Rfb1 Nd4
28. Nxb5 Rxa2 29. R4b2 Rxb2 30. Qxb2 Nxb5 31. Qxb5 Bxd5 32. Nxd6 Qc6 33. Qxc6
Bxc6 34. Re1 Rf6 35. Nc4 Re6 36. Bd4 e4 37. Bxg7 Kxg7 38. Nd2 e3 39. Nf1 e2 40.
Ng3 Bb5 41. Kf2 Ra6 42. Rb1 Bc4 43. Rb2 Kf6 44. Nxe2 Bxe2 45. Rxe2 h5 46. Kg3
Ra4 47. Re4 Ra2 48. h4 gxh4+ 49. Rxh4 Kg5 50. Rd4 Rb2 51. Rd5+ Kg6 52. Re5 Rb1
53. Kh2 Rf1 54. Rd5 Kh6 55. Rd3 Kg5 56. g3 Rf2+ 57. Kh3 Kg6 58. f4 Kf5 59. Rd5+
Kg6 60. Rd6+ Kg7 61. Kh4 Rg2 62. Rd5 Rh2+ 63. Kg5 Rh3 64. Rd3 Kf7 65. Ra3 Rh1
66. f5 Rf1 67. Ra7+ Kf8 68. Kg6 Rf3 69. g4 1-0

[Event "1ère Maîtrise de la Loire"]
[Site "Sautron"]
[Date "2012.10.29"]
[Round "4.5"]
[White "Bouget, Alexandre"]
[Black "Barbot, Pierre"]
[Result "1/2-1/2"]
[WhiteElo "2213"]
[BlackElo "2317"]
[PlyCount "128"]
[EventDate "2012.??.??"]
[EventType "tourn"]
[EventRounds "9"]
[EventCountry "FRA"]

1. d4 d5 2. c4 e6 3. Nc3 Be7 4. Bf4 Nf6 5. e3 O-O 6. h3 b6 7. cxd5 Nxd5 8. Nxd5
Qxd5 9. a3 Ba6 10. Bxa6 Nxa6 11. Nf3 Qb5 12. Qe2 Qa5+ 13. Nd2 c5 14. dxc5 Rfd8
15. Rd1 bxc5 16. O-O Bf6 17. Nc4 Qb5 18. Qc2 Rd5 19. b3 Rad8 20. e4 Rxd1 21.
Rxd1 Bd4 22. Be5 Nb8 23. Bc7 Rf8 24. Bd6 Rc8 25. Qd3 Nc6 26. e5 h6 27. Qg3 Rd8
28. Re1 Rd7 29. Re4 Ne7 30. Bxe7 Rxe7 31. Rg4 f5 32. exf6 Bxf6 33. Qf3 Bd4 34.
Rf4 Qe8 35. b4 e5 36. Qd5+ Kh7 37. Nd6 Rd7 38. Qe4+ Qg6 39. Qxg6+ Kxg6 40. Rg4+
Kh7 41. Nc4 cxb4 42. axb4 Rb7 43. Kf1 Rxb4 44. Ne3 Rb1+ 45. Ke2 Rb2+ 46. Kf3 g6
47. Re4 a5 48. Nc4 Rb3+ 49. Ke2 Rb5 50. f4 a4 51. fxe5 Bc5 52. Nd6 Rb4 53. Kd3
Rxe4 54. Nxe4 Bb4 55. Nf6+ Kg7 56. Nd5 Bc5 57. e6 a3 58. Kc2 h5 59. g4 Bd6 60.
Kb3 hxg4 61. hxg4 Kf8 62. Ka2 Ke8 63. Kb3 Kf8 64. Ka2 Ke8 1/2-1/2

[Event "1ère Maîtrise de la Loire"]
[Site "Sautron"]
[Date "2012.10.30"]
[Round "5.1"]
[White "Barbot, Pierre"]
[Black "Laurent, Julien G"]
[Result "0-1"]
[WhiteElo "2317"]
[BlackElo "2332"]
[PlyCount "42"]
[EventDate "2012.??.??"]
[EventType "tourn"]
[EventRounds "9"]
[EventCountry "FRA"]

1. e4 g6 2. d4 Bg7 3. Nc3 d6 4. f4 Nf6 5. Nf3 c5 6. dxc5 Qa5 7. Qd4 Nc6 8. Bb5
O-O 9. Bxc6 bxc6 10. e5 dxe5 11. fxe5 Ng4 12. h3 Rd8 13. Qe4 Rd1+ 14. Kxd1 Nf2+
15. Ke2 Nxe4 16. Nxe4 Qa4 17. Nc3 Qxc2+ 18. Bd2 Ba6+ 19. Kf2 Bxe5 20. Rhd1 Bg7
21. b3 Qf5 0-1

[Event "1ère Maîtrise de la Loire"]
[Site "Sautron"]
[Date "2012.10.30"]
[Round "5.2"]
[White "Crouan, Stephane"]
[Black "Bouget, Alexandre"]
[Result "1/2-1/2"]
[WhiteElo "2203"]
[BlackElo "2213"]
[PlyCount "42"]
[EventDate "2012.??.??"]
[EventType "tourn"]
[EventRounds "9"]
[EventCountry "FRA"]

1. e4 e5 2. Nf3 Nc6 3. d4 exd4 4. Nxd4 Nf6 5. Nxc6 bxc6 6. e5 Qe7 7. Qe2 Nd5 8.
c4 Ba6 9. Nd2 O-O-O 10. Nf3 Nb6 11. b3 f6 12. Bb2 fxe5 13. Nxe5 Qb4+ 14. Qd2
Qxd2+ 15. Kxd2 Bb4+ 16. Kc2 Be7 17. a4 Rhf8 18. f3 Kb7 19. a5 Nc8 20. Nd3 d5
21. cxd5 Rxd5 1/2-1/2

[Event "1ère Maîtrise de la Loire"]
[Site "Sautron"]
[Date "2012.10.30"]
[Round "5.3"]
[White "Peric, Slavisa"]
[Black "Shishkin, Vadim"]
[Result "1/2-1/2"]
[WhiteElo "2247"]
[BlackElo "2496"]
[PlyCount "49"]
[EventDate "2012.??.??"]
[EventType "tourn"]
[EventRounds "9"]
[EventCountry "FRA"]

1. d4 Nf6 2. Nf3 g6 3. Nbd2 d5 4. e3 Bg7 5. b4 b6 6. Bb2 c5 7. c4 O-O 8. dxc5
bxc5 9. b5 a6 10. a4 Bb7 11. cxd5 Bxd5 12. Bc4 axb5 13. axb5 Nbd7 14. O-O Nb6
15. Qb3 Rb8 16. Rfd1 Nxc4 17. Nxc4 Qd7 18. Bxf6 Bxf6 19. Rab1 Qe6 20. Nfd2 Rfd8
21. Re1 Qc8 22. Qc2 Rd7 23. e4 Ba8 24. e5 Bg7 25. Na5 1/2-1/2

[Event "1ère Maîtrise de la Loire"]
[Site "Sautron"]
[Date "2012.10.30"]
[Round "5.5"]
[White "Ivanov, Jordan"]
[Black "Duboue, Peio"]
[Result "1/2-1/2"]
[WhiteElo "2374"]
[BlackElo "2294"]
[PlyCount "35"]
[EventDate "2012.??.??"]
[EventType "tourn"]
[EventRounds "9"]
[EventCountry "FRA"]

1. d4 d5 2. c4 dxc4 3. Nf3 a6 4. e3 b5 5. a4 Bb7 6. axb5 axb5 7. Rxa8 Bxa8 8.
b3 e6 9. bxc4 bxc4 10. Bxc4 Nf6 11. O-O Be7 12. Qa4+ Nbd7 13. Bb5 O-O 14. Bc6
Bxc6 15. Qxc6 Qa8 16. Qc2 Rc8 17. Nc3 c5 18. Bb2 1/2-1/2

[Event "1ère Maîtrise de la Loire"]
[Site "Sautron"]
[Date "2012.10.31"]
[Round "6.1"]
[White "Laurent, Julien G"]
[Black "Duboue, Peio"]
[Result "1/2-1/2"]
[WhiteElo "2332"]
[BlackElo "2294"]
[PlyCount "123"]
[EventDate "2012.??.??"]
[EventType "tourn"]
[EventRounds "9"]
[EventCountry "FRA"]

1. Nf3 d5 2. c4 e6 3. g3 Nf6 4. Bg2 Be7 5. O-O O-O 6. b3 c5 7. e3 Nc6 8. Nc3 b6
9. Bb2 Rb8 10. d3 dxc4 11. bxc4 Bb7 12. Qe2 Qd7 13. Rfd1 e5 14. Nd2 Nb4 15.
Nde4 Nxe4 16. Bxe4 f5 17. Bxb7 Rxb7 18. a3 Nc6 19. Nd5 Bd6 20. f4 Qe6 21. Qg2
Rd7 22. Nxb6 axb6 23. Qxc6 exf4 24. exf4 Qe3+ 25. Kh1 Bb8 26. Qg2 Rxd3 27. Re1
Qd2 28. Re2 Qd1+ 29. Re1 Qd2 30. Re2 Qd1+ 31. Qf1 Qxf1+ 32. Rxf1 Rfd8 33. Rfe1
Rd1 34. Re8+ Rxe8 35. Rxd1 Re7 36. Rd8+ Kf7 37. Kg1 Bc7 38. Rd5 g6 39. Kf2 Ke8
40. Rd2 Re4 41. Rc2 Kf7 42. Kf3 Bd6 43. a4 Re8 44. Rd2 Be7 45. Be5 Ra8 46. Ra2
Bd8 47. Ke3 Ra7 48. Kd3 Bf6 49. Bxf6 Kxf6 50. Rb2 Ra6 51. Kc3 Ke6 52. Kb3 Kd6
53. Rd2+ Ke7 54. Ka3 Ra8 55. h4 h5 56. Rd5 Ra7 57. Rd3 Ra8 58. Rb3 Ra6 59. Rb5
Kd6 60. a5 Kc6 61. Ka4 Kc7 62. Rxb6 1/2-1/2